书目信息 |
| 题名: |
算力经济
|
|
| 作者: | 温晓君 , 张金颖 , 徐子凡 著 | |
| 分册: | ||
| 出版信息: | 北京 电子工业出版社 2024.11 |
|
| 页数: | 17,208页 | |
| 开本: | 24cm | |
| 丛书名: | 新型工业化丛书 | |
| 单 册: | ||
| 中图分类: | TP302.7 , F014.1 | |
| 科图分类: | ||
| 主题词: | 计算能力--关系--生产力--研究 | |
| 电子资源: | ||
| ISBN: | 978-7-121-48600-5 | |
| 000 | 01216oam2 2200301 450 | |
| 001 | 01163116 | |
| 005 | 20251022175845.65 | |
| 010 | @a978-7-121-48600-5@dCNY79.00 | |
| 100 | @a20250212d2024 em y0chiy0120 ea | |
| 101 | 0 | @achi |
| 102 | @aCN@b110000 | |
| 105 | @aa z 000yy | |
| 106 | @ar | |
| 200 | 1 | @a算力经济@9suan li jing ji@e生产力重塑和产业竞争决胜局@f温晓君, 张金颖, 徐子凡等著 |
| 210 | @a北京@c电子工业出版社@d2024.11 | |
| 215 | @a17,208页@c照片@d24cm | |
| 225 | 2 | @a新型工业化丛书 |
| 330 | @a本书探讨了算力经济与生产力之间的关系,以及算力经济在数字经济时代的地位和作用。全书共八篇,内容涵盖算力与生产力关联性的历史与理论分析、算力经济的内涵及其与数字经济的关系、算力经济的四个核心组成部分(算力基础设施、计算产业、应用赋能、算力经济治理)的分析,以及对算力经济的未来展望。 | |
| 461 | 0 | @12001 @a新型工业化丛书 |
| 517 | 1 | @a生产力重塑和产业竞争决胜局@9sheng chan li chong su he chan ye jing zheng jue sheng ju |
| 606 | 0 | @a计算能力@x关系@x生产力@x研究 |
| 690 | @aTP302.7@v5 | |
| 690 | @aF014.1@v5 | |
| 701 | 0 | @a温晓君@9wen xiao jun@4著 |
| 701 | 0 | @a张金颖@9zhang jin ying@4著 |
| 701 | 0 | @a徐子凡@9xu zi fan@4著 |
| 801 | 0 | @aCN@c20250910 |
| 905 | @a河南城建学院图书馆@dF4@eW625@ZW625@f1 | |
| 算力经济:生产力重塑和产业竞争决胜局/温晓君, 张金颖, 徐子凡等著.-北京:电子工业出版社,2024.11 |
| 17,208页:照片;24cm.-(新型工业化丛书) |
| ISBN 978-7-121-48600-5:CNY79.00 |
| 本书探讨了算力经济与生产力之间的关系,以及算力经济在数字经济时代的地位和作用。全书共八篇,内容涵盖算力与生产力关联性的历史与理论分析、算力经济的内涵及其与数字经济的关系、算力经济的四个核心组成部分(算力基础设施、计算产业、应用赋能、算力经济治理)的分析,以及对算力经济的未来展望。 |
| ● |
| 相关链接 |
|
|
|
正题名:算力经济
索取号:F4/W625
 
预约/预借
| 序号 | 登录号 | 条形码 | 馆藏地/架位号 | 状态 | 备注 |
| 1 | 1634794 | 216347941 | 社科库409/409社科库 33排5列3层/ [索取号:F4/W625] | 在馆 |